[Event "Challenge"]
[Site "http://www.queenalice.com/game.php?id=191309"]
[Date "2007.4.3"]
[Round "-"]
[White "Bluepool"]
[Black "panis_et_circenses"]
[Result "1-0"]
[WhiteElo "1577"]
[BlackElo "1498"]

1. e4 e5 2. Bc4 Nf6 3. Nf3 Nxe4 4. Nxe5 Nd6 5. Qe2 h5 6. O-O Be7 7. Nc3 f6 8.
Ng6 Rh6 9. Bd3 Nc6 10. Nd5 f5 11. Ngxe7 Kf7 12. Re1 Re6 13. Qxh5+ Kf8 14. Ng6+
Kg8 15. Rxe6 1-0

[Event "Challenge"]
[Site "http://www.queenalice.com/game.php?id=191743"]
[Date "2007.4.4"]
[Round "-"]
[White "Bluepool"]
[Black "Tlaloc2k"]
[Result "1-0"]
[WhiteElo "1534"]
[BlackElo "1596"]

1. e4 e5 2. Nf3 d6 3. Nc3 Be6 4. Bd3 Be7 5. g3 Nf6 6. O-O Bg4 7. Be2 Nc6 8. Nb5
a6 9. Nc3 O-O 10. d3 h6 11. Be3 Nb4 12. a3 Nc6 13. d4 exd4 14. Nxd4 Nxd4 15.
Bxd4 Qd7 16. Nd5 Nxd5 17. exd5 Qf5 18. Bxg4 Qxd5 19. Bf3 Qb5 20. Qe1 Rae8 21.
Qd2 c5 22. Bc3 b6 23. Qd5 Qd7 24. Rad1 Qe6 25. Qxe6 fxe6 26. Bc6 d5 27. Bxe8
Rxe8 28. Rfe1 d4 29. Bxd4 cxd4 30. Rxe6 a5 31. Rxb6 Bc5 32. Rb5 Rc8 33. Rxa5 Bb6
34. Rb5 Rb8 35. Rd5 Ba7 36. c3 Rxb2 37. cxd4 Ra2 38. Rd3 Ra1+ 39. Kg2 Kh7 40.
Ra5 Bxd4 41. Rxd4 1-0

[Event "Challenge"]
[Site "http://www.queenalice.com/game.php?id=191744"]
[Date "2007.4.4"]
[Round "-"]
[White "Tlaloc2k"]
[Black "Bluepool"]
[Result "1-0"]
[WhiteElo "1602"]
[BlackElo "1504"]

1. e4 e5 2. g3 Bd6 3. Qf3 Nh6 4. d3 b6 5. Bxh6 gxh6 6. Na3 Nc6 7. Nc4 Qe7 8. a3
Nd4 9. Qd1 Ba6 10. c3 Nc6 11. Ne2 O-O-O 12. Qa4 Nb8 13. b4 b5 14. Nxd6+ Qxd6 15.
Qd1 f6 16. Bg2 Nc6 17. O-O Ne7 18. d4 f5 19. Qd3 fxe4 20. Qxe4 exd4 21. Qa8# 1-0

[Event "Challenge"]
[Site "http://www.queenalice.com/game.php?id=194108"]
[Date "2007.4.9"]
[Round "-"]
[White "paulo_f_p_x"]
[Black "Bluepool"]
[Result "0-1"]
[WhiteElo "1679"]
[BlackElo "1511"]

1. Nf3 e6 2. e4 d5 3. exd5 Qxd5 4. Nc3 Qf5 5. d4 Bb4 6. Bd2 Bxc3 7. Bxc3 Nf6 8.
Bd3 Qd5 9. O-O Nc6 10. Re1 O-O 11. b3 Nh5 12. Be4 Qd6 13. Bxc6 Qxc6 14. Bb4 Rd8
15. Ne5 Qd5 16. Qxh5 g6 17. Qh6 Qxd4 18. Nxf7 Re8 19. c3 Qf6 20. Ng5 Qg7 21.
Qxg7+ Kxg7 22. Re5 Kf6 23. Rae1 h6 0-1

[Event "Challenge"]
[Site "http://www.queenalice.com/game.php?id=200529"]
[Date "2007.4.21"]
[Round "-"]
[White "Tlaloc2k"]
[Black "Bluepool"]
[Result "1/2-1/2"]
[WhiteElo "1579"]
[BlackElo "1614"]

1. e4 e5 2. Qf3 Bc5 3. Bc4 Qf6 4. Nc3 Nc6 5. Nd5 Qxf3 6. Nxf3 Bd6 7. c3 b6 8. b4
Nge7 9. O-O O-O 10. Nxe7+ Bxe7 11. d3 Nb8 12. Nxe5 b5 13. Bxb5 c6 14. Bc4 Ba6
15. Bxa6 Nxa6 16. Be3 f6 17. Nxd7 Rfd8 18. Nc5 Nc7 19. Bf4 Bd6 20. Bxd6 Rxd6 21.
a4 a5 22. d4 Ne6 23. Nxe6 Rxe6 24. Rfe1 h5 25. f4 g5 26. f5 Re7 27. e5 Kf7 28.
e6+ Kg7 29. Rad1 axb4 30. cxb4 Rxa4 31. d5 cxd5 32. Rxd5 Rxb4 33. Rd7 Kf8 34.
Red1 Rb8 35. Rd8+ Rxd8 36. Rxd8+ Kg7 37. Rd3 g4 38. Rg3 Kh6 39. h3 Kg5 40. hxg4
hxg4 41. Rc3 Kxf5 42. Kf2 Rxe6 43. g3 Kg5 44. Rc8 f5 45. Rg8+ Kf6 46. Rh8 Re4
47. Rh6+ Kg5 48. Rh1 f4 49. Rd1 fxg3+ 50. Kxg3 Re3+ 51. Kf2 Ra3 52. Rd5+ Kf4 53.
Ke2 g3 54. Rd8 Ra2+ 1/2-1/2

[Event "Challenge"]
[Site "http://www.queenalice.com/game.php?id=200530"]
[Date "2007.4.21"]
[Round "-"]
[White "Bluepool"]
[Black "Tlaloc2k"]
[Result "1-0"]
[WhiteElo "1599"]
[BlackElo "1580"]

1. e4 e5 2. Nf3 d6 3. Bd3 Qf6 4. O-O Nc6 5. Bb5 Bd7 6. Nc3 O-O-O 7. Nd5 Qe6 8.
d3 h6 9. Be3 Nf6 10. Bc4 Be7 11. Nb6+ cxb6 12. Bxe6 Bxe6 13. a3 d5 14. b4 dxe4
15. Nxe5 Nxe5 16. Qe1 Bh3 17. Qc3+ Nc6 18. Rfe1 Nd5 19. Qxg7 Rdg8 20. Qxf7 Rxg2+
21. Kh1 Nxe3 22. fxe3 Rxc2 23. dxe4 Bg2+ 24. Kg1 Bxe4 25. Qe6+ Kc7 26. Qxe4 Rd2
27. Qf4+ Bd6 28. Qf7+ Ne7 29. Rac1+ Kd7 30. Qf3 Nd5 31. Rcd1 Bxh2+ 32. Kf1 Rxd1
33. Qxd1 Rf8+ 34. Kg2 Kc6 35. Kxh2 Rf3 36. Qxf3 1-0

[Event "Tlaloc2k"]
[Site "http://www.queenalice.com/game.php?id=210368"]
[Date "2007.5.13"]
[Round "3"]
[White "Bluepool"]
[Black "Sidinei"]
[Result "0-1"]
[WhiteElo "1613"]
[BlackElo "2200"]

1. e4 e6 2. e5 d5 3. d4 c5 4. c4 cxd4 5. Qxd4 Nc6 6. Qf4 Nge7 7. Bd3 dxc4 8.
Bxc4 Ng6 9. Qe4 Ngxe5 10. Bb5 Bd7 11. Bxc6 Bxc6 12. Qxe5 Bxg2 13. Qb5+ Qd7 14.
Qxd7+ Kxd7 15. Be3 Bxh1 16. Nd2 Bb4 17. O-O-O Rhc8+ 18. Kb1 Bc6 19. a3 Bd6 20.
Ngf3 f6 21. Nb3 Bxf3 22. Rd2 Be4+ 23. Ka1 Bd5 24. Ka2 a5 25. a4 Rc4 26. Rd1
Rxa4+ 0-1

[Event "Challenge"]
[Site "http://www.queenalice.com/game.php?id=216486"]
[Date "2007.5.26"]
[Round "-"]
[White "Bluepool"]
[Black "Tlaloc2k"]
[Result "0-1"]
[WhiteElo "1581"]
[BlackElo "1543"]

1. e4 e5 2. Nf3 Nf6 3. d3 Bc5 4. Qd2 h6 5. h3 d6 6. Be2 a6 7. O-O Nh5 8. d4 exd4
9. Nxd4 Bxd4 10. Qxd4 Nc6 11. Qc4 Be6 12. Qd3 Nf6 13. Nc3 Ne5 14. Qg3 g5 15. b3
Qd7 16. a4 O-O-O 17. f3 Nh5 18. Qe1 f5 19. exf5 Bxf5 20. f4 Nxf4 21. Bxf4 gxf4
22. Rxf4 Bxc2 23. Qf2 Qg7 24. Bh5 Nd3 25. Qxc2 Nxf4 26. Qf5+ Kb8 27. Qxf4 Qxc3
28. Rc1 Qxb3 29. Bd1 Qb6+ 30. Kh1 Rhf8 31. Qc4 c5 32. Bf3 Rg8 33. Qa2 Qb4 34.
Bxb7 Qxb7 35. Rb1 Qxb1+ 36. Qxb1+ Kc7 37. a5 Rb8 38. Qd3 Rb5 39. Qd2 Rgb8 40.
Qxh6 Rxa5 41. Qg7+ Kc6 42. Qf6 Rab5 43. Qf4 Rb4 44. Qg3 Rb1+ 45. Kh2 a5 46. Qf3+
Kc7 47. Qd3 R8b3 48. Qd5 Rb4 49. Qa8 a4 50. Qa5+ Kd7 51. Qa7+ Ke6 52. Qa8 c4 0-1

[Event "Challenge"]
[Site "http://www.queenalice.com/game.php?id=216487"]
[Date "2007.5.26"]
[Round "-"]
[White "Tlaloc2k"]
[Black "Bluepool"]
[Result "1-0"]
[WhiteElo "1623"]
[BlackElo "1603"]

1. e4 e5 2. d3 Bd6 3. Nc3 Nf6 4. Be3 a6 5. Be2 O-O 6. Nf3 h6 7. O-O Qe8 8. d4
Nc6 9. d5 Na5 10. a3 Nc4 11. Bc1 c6 12. Bxc4 b5 13. Bd3 Bb7 14. b4 a5 15. Be3
cxd5 16. Bxb5 Qc8 17. Bd2 axb4 18. Na4 Rb8 19. axb4 Bc6 20. Bxc6 Qxc6 21. exd5
Nxd5 22. c3 e4 23. Nd4 Qc8 24. Qg4 g6 25. Bxh6 Re8 26. Nf5 Nf6 27. Qh4 Nh7 28.
Nxd6 Qd8 29. Qxd8 Rexd8 30. Nxe4 f6 31. Bf4 Rbc8 32. Nac5 g5 33. Bd6 f5 34. Be7
Re8 35. Nd6 Rc6 36. Nxe8 1-0

[Event "AUTO-BEG-33"]
[Site "http://www.queenalice.com/game.php?id=216532"]
[Date "2007.5.26"]
[Round "3"]
[White "Bluepool"]
[Black "bg"]
[Result "0-1"]
[WhiteElo "1611"]
[BlackElo "1808"]

1. e4 c5 2. Bc4 d6 3. Nc3 Nc6 4. Qf3 Nf6 5. h3 e5 6. d3 Nd4 7. Qd1 Be7 8. Be3
O-O 9. Bxd4 cxd4 10. Nd5 Nxd5 11. Bxd5 Qb6 12. b3 Be6 13. Qf3 Bxd5 14. exd5 Qb4+
15. Kd1 Qc3 16. Rb1 Rac8 17. Qe2 f5 18. Nf3 e4 19. dxe4 Rfe8 20. Nd2 Bg5 21. f4
Bxf4 22. Rf1 Be3 23. Rxf5 Qxc2+ 24. Ke1 Bxd2+ 25. Qxd2 Qxb1+ 26. Qd1 Rc1 0-1

[Event "AUTO-BEG-33"]
[Site "http://www.queenalice.com/game.php?id=216533"]
[Date "2007.5.26"]
[Round "3"]
[White "bg"]
[Black "Bluepool"]
[Result "1-0"]
[WhiteElo "1816"]
[BlackElo "1588"]

1. e4 e5 2. f4 Nc6 3. Nf3 d6 4. d4 Bg4 5. Be2 Bxf3 6. Bxf3 Qf6 7. O-O O-O-O 8.
d5 Nd4 9. Nd2 g6 10. Bg4+ Kb8 11. c3 h5 12. Bh3 Nf5 13. exf5 gxf5 14. fxe5 dxe5
15. Rxf5 Qb6+ 16. Kh1 f6 17. c4 Bc5 18. Nf3 Ne7 19. Rxe5 Nxd5 20. Rxd5 Be7 21.
b3 c6 22. Bf4+ Ka8 23. Rxd8+ Rxd8 24. Qe2 Bd6 25. Bxd6 Rxd6 26. Rd1 Rxd1+ 27.
Qxd1 a5 28. Qd4 c5 29. Qd1 Qb4 30. Bf5 1-0

[Event "AUTO-BEG-33"]
[Site "http://www.queenalice.com/game.php?id=216534"]
[Date "2007.5.26"]
[Round "3"]
[White "Bluepool"]
[Black "Patizinha"]
[Result "1-0"]
[WhiteElo "1596"]
[BlackElo "1600"]

1. e4 e5 2. Nf3 Nc6 3. Bb5 a6 4. Bxc6 bxc6 5. Nxe5 Qg5 6. d4 Qxg2 7. Qf3 Qxf3 8.
Nxf3 Nf6 9. Nc3 Bb4 10. Bd2 Bxc3 11. Bxc3 Nxe4 12. Ba5 Ra7 13. O-O-O Nxf2 14.
Rde1+ Kd8 15. Rhf1 Nh3 16. Ne5 Ng5 17. Bd2 f6 18. Bxg5 Rf8 19. b3 Bb7 20. h4 d6
21. Nd3 Rg8 22. Bd2 Ra8 23. Nf4 Bc8 24. Ne6+ Bxe6 25. Rxe6 Re8 26. Rfe1 Rxe6 27.
Rxe6 Kd7 28. Re4 Re8 29. Rg4 g6 30. Bh6 1-0

[Event "AUTO-BEG-33"]
[Site "http://www.queenalice.com/game.php?id=216535"]
[Date "2007.5.26"]
[Round "3"]
[White "Patizinha"]
[Black "Bluepool"]
[Result "1-0"]
[WhiteElo "1607"]
[BlackElo "1612"]

1. e4 e5 2. Nf3 Nc6 3. Bc4 Nh6 4. d4 Bd6 5. dxe5 Nxe5 6. Nxe5 Bxe5 7. Qh5 d6 8.
Bxh6 Qe7 9. Bg5 Bf6 10. Bxf6 Qxf6 11. Nc3 Be6 12. Bxe6 Qxe6 13. Qd5 Qg6 14. O-O
O-O 15. b3 Rab8 16. Qf5 Qxf5 17. exf5 f6 18. Rfe1 Rfe8 19. Nd5 Rxe1+ 20. Rxe1 h6
21. Re7 c6 22. Nf4 Kh7 23. Ne6 h5 24. Nxg7 Kh6 25. Ne6 Rh8 26. Rxb7 h4 27. Rxa7
Rh7 28. Rxh7+ Kxh7 29. a4 Kg8 30. a5 1-0

[Event "Challenge"]
[Site "http://www.queenalice.com/game.php?id=226103"]
[Date "2007.6.16"]
[Round "-"]
[White "benilux"]
[Black "Bluepool"]
[Result "1/2-1/2"]
[WhiteElo "1287"]
[BlackElo "1590"]

1. e4 e5 2. Nf3 Nc6 3. d4 Bd6 4. d5 Na5 5. Bg5 Nf6 6. c4 O-O 7. Nbd2 b6 8. Bd3
h6 9. Bxf6 Qxf6 10. O-O Bc5 11. Nb3 Nb7 12. Nxc5 Nxc5 13. b4 Nxd3 14. Qxd3 d6
15. Rab1 Bg4 16. h3 Bxf3 17. Qxf3 Qxf3 18. gxf3 Kh8 19. Kh2 f5 20. b5 Rf6 21.
Kg3 Rc8 22. Rfe1 g6 23. f4 Re8 24. fxe5 Rxe5 25. f4 Rxe4 26. Rxe4 fxe4 27. Re1
Rf5 28. h4 Rf7 29. Rxe4 Kg7 30. Re6 Rf6 31. Rxf6 Kxf6 32. a4 Kf5 1/2-1/2

[Event "Challenge"]
[Site "http://www.queenalice.com/game.php?id=237076"]
[Date "2007.7.9"]
[Round "-"]
[White "Bluepool"]
[Black "panis_et_circenses"]
[Result "1-0"]
[WhiteElo "1603"]
[BlackElo "1430"]

1. e4 e5 2. d3 d6 3. Be3 Nd7 4. Be2 Ngf6 5. h3 c5 6. Nc3 b6 7. Nf3 Bb7 8. O-O g6
9. Bg5 Ba6 10. Nd5 Bg7 11. c4 O-O 12. Qd2 b5 13. Qc1 bxc4 14. dxc4 Nb6 15. Rd1
h6 16. Bxh6 Nxe4 17. Qe3 f5 18. Nxb6 axb6 19. Bxg7 Kxg7 20. Nxe5 Qh4 21. Nf3
Qxf2+ 22. Qxf2 Nxf2 23. Kxf2 Rad8 24. b3 Rf7 25. Ne5 Re7 26. Nc6 Rde8 27. Nxe7
Rxe7 28. Rxd6 Bc8 29. Rxb6 f4 30. Bd3 g5 31. Rg6+ Kf7 32. Rxg5 Rd7 33. Bg6+ Ke6
34. Bf5+ Ke5 35. Bxd7+ Ke4 36. Bxc8 Kd3 37. Rc1 Kd2 38. Re1 Kc2 39. Rxc5 Kd2 40.
Rd5+ Kc2 41. Bf5+ 1-0

[Event "Challenge"]
[Site "http://www.queenalice.com/game.php?id=242221"]
[Date "2007.7.19"]
[Round "-"]
[White "Bluepool"]
[Black "Tlaloc2k"]
[Result "1-0"]
[WhiteElo "1590"]
[BlackElo "1521"]

1. e4 e5 2. Nf3 d6 3. Nc3 a6 4. Bc4 c6 5. O-O b5 6. Bxf7+ Kxf7 7. d3 h6 8. g3
Bg4 9. Nxe5+ dxe5 10. Qxg4 Nf6 11. Qf5 Nd7 12. Be3 Bd6 13. Ne2 g6 14. Qf3 g5 15.
Qf5 c5 16. Nc3 b4 17. Nd5 a5 18. a4 bxa3 19. Rxa3 c4 20. Ra4 Qb8 21. Bb6 Kg7 22.
Bxa5 Qxb2 23. dxc4 Qxc2 24. Raa1 Rhf8 25. Ne3 Ra7 26. Nxc2 Nh7 27. Qe6 Rf6 28.
Qg4 Nc5 29. Bb6 Ra4 30. Bxc5 Rxa1 31. Rxa1 Bxc5 32. Ne3 Bxe3 33. fxe3 Rf7 34.
Qe6 Nf6 35. Qxe5 Kg6 36. h3 Nd7 37. Ra6+ Nf6 38. c5 g4 39. h4 h5 40. c6 1-0

[Event "Challenge"]
[Site "http://www.queenalice.com/game.php?id=244904"]
[Date "2007.7.24"]
[Round "-"]
[White "rafaelbdb"]
[Black "Bluepool"]
[Result "0-1"]
[WhiteElo "1344"]
[BlackElo "1612"]

1. e4 e5 2. Nf3 Nc6 3. Nc3 Bb4 4. Be2 Bxc3 5. bxc3 Nf6 6. O-O Nxe4 7. d4 Nxc3 8.
Qd3 Nd5 9. dxe5 Nf4 10. Bxf4 b6 11. Qd5 Bb7 12. Ng5 O-O 13. Rad1 Rb8 14. Qxd7
Qc8 15. Qxc8 Bxc8 16. Bf3 h6 17. Bxc6 hxg5 18. Bxg5 Ba6 19. Rfe1 Bc4 20. a3 a5
21. Bd5 Bxd5 22. Rxd5 c6 0-1

[Event "Truly a Wonderful Person!"]
[Site "http://www.queenalice.com/game.php?id=275102"]
[Date "2007.9.21"]
[Round "-"]
[White "Bluepool"]
[Black "Tlaloc2k"]
[Result "0-1"]
[WhiteElo "1617"]
[BlackElo "1468"]

1. e4 e5 2. d4 Bd6 3. Nf3 c6 4. Bc4 Qf6 5. Bg5 Qg6 6. Nbd2 exd4 7. Nb3 Bc5 8.
Nxc5 d6 9. Nxb7 Bxb7 10. Qxd4 c5 11. Qc3 Qxe4+ 12. Be2 Ba6 13. Ng1 f6 14. Bd2
Qxg2 0-1